| 000 | 01949nam a2200325 4500 | ||
|---|---|---|---|
| 001 | 0000100124 | ||
| 005 | 20250329165436.0 | ||
| 008 | 190730s2024 000 0 eng d | ||
| 040 |
_aCO-CtgCURN _bspa _ccoctgcurn |
||
| 041 | 0 | _aspa | |
| 082 | 0 |
_aENF2022 _bC346 |
|
| 100 | 1 | _aCastaño Gómez, Angie Paola. | |
| 245 | 1 | 0 |
_aIntervención de enfermería para la educación de individuos candidato a artroplastia de reemplazo : _brevisión sistemática / _cAngie Paola Castaño Gómez; Kesia Milagros Medes Ortega; Carlos Enrique Payares Vanegas; Keyla Johana Silveira Ortíz; directores: Dellys Epalza Serje; Wendy Acuña. |
| 260 |
_aCartagena de Indias : _bCorporación Universitaria Rafael Núñez, _c2024. |
||
| 300 | _a57 hojas. | ||
| 336 |
_2rdacontent _atext _btxt |
||
| 337 |
_2rdacarrier _asin mediacion _bn |
||
| 338 |
_2rdacarrier _avolumen _bnc |
||
| 502 | _aTrabajo de grado (Enfermeria). Corporacion Universitaria Rafael Nuñez. Facultad de Ciencias de la salud. Enfermeria, 2024. | ||
| 520 | _a"La artroplastia es una operación quirúrgica que tiene por objeto la reconstrucción de una articulación destruida o anquilosada, mediante la resección de las superficies articulares y la interposición de una prótesis para recuperar la función. Las intervenciones más habituales que se realizan son: cadera, rodilla, codo, hombro, y tobillo, entre otras." | ||
| 650 | 0 |
_aEnfermeria _vTesis y disertaciones academicas. |
|
| 700 | 1 | _aMedes Ortega, Kesia Milagros. | |
| 700 | 1 | _aPayares Vanegas, Carlos Enrique. | |
| 700 | 1 | _aSilveira Ortíz, Keyla Johana. | |
| 700 | 1 |
_aEpalza Serje, Dellys, _edirectora. |
|
| 700 | 1 |
_aAcuña, Wendy, _edirectora. |
|
| 856 |
_uhttps://unicurn.sharepoint.com/:b:/s/biblioteca/EXgWQML8JdNEi2oaW9J1wAABh36fZgu8OhEg8ncw5AM8dA?e=nKf3kX _zClick para ver el recurso en texto completo |
||
| 942 |
_cTG _hENF 2024 _iC346 |
||
| 999 |
_c4129 _d4129 |
||